Sports Quiz / NCAA Mascot Logo Slideshow

Random Sports or College Quiz

Results

Quiz not verified by Sporcle

Challenge
Share
Tweet
Score 0/23 Timer 06:00
0 Plays Today
% Correct
Florida Gators
99.3%
Wisconsin Badgers
95.3%
North Carolina State Wolfpack
94.2%
Iowa Hawkeyes
92.8%
North Carolina Tar Heels
92.7%
Louisville Cardinals
92.3%
Minnesota Golden Gophers
90.5%
Georgia Bulldogs
90.2%
Oklahoma State Cowboys
90.1%
Syracuse Orange
89.3%
Purdue Boilermakers
89%
Northwestern Wildcats
87.9%
% Correct
Ohio State Buckeyes
87.9%
East Carolina Pirates
86.4%
Mississippi State Bulldogs
83.8%
Arizona Wildcats
83.7%
Western Kentucky Hilltoppers
82.5%
Tulane Green Wave
80.9%
Marshall Thundering Herd
79%
Wake Forest Demon Deacons
75.2%
Akron Zips
66.1%
Missouri Tigers
65.4%
Virginia Tech Hokies
55.2%
 
Number % Answered
23 (all)
8.4%
20-22
40.2%
17-19
27.6%
14-16
8.6%
11-13
5.5%
8-10
2.6%
5-7
2.5%
2-4
2.8%
1-1
1.7%

You're not logged in!

Compare scores with friends on all Sporcle quizzes.
Sign Up with Email
OR
Log In

You Might Also Like...

Show Comments

Extras


Your Account Isn't Verified!

In order to create a playlist on Sporcle, you need to verify the email address you used during registration. Go to your Sporcle Settings to finish the process.